The new international dictionary of New Testament theology / (Registro nro. 20969)

Detalles MARC
000 -LEADER
campo de control de longitud fija 01727cam a22003854i 4500
003 - IDENTIFICADOR DE NÚMERO DE CONTROL
campo de control PE-LiUPU
005 - FECHA Y HORA DE LA ÚLTIMA TRANSACCIÓN
campo de control 20251020172353.0
008 - DATOS DE LONGITUD FIJA--INFORMACIÓN GENERAL
campo de control de longitud fija 1986 miua rb 001 0 eng d
020 ## - NÚMERO INTERNACIONAL ESTÁNDAR DEL LIBRO
Número Internacional Estándar del Libro 0310332206
Información calificativa (vol. 3)
020 ## - NÚMERO INTERNACIONAL ESTÁNDAR DEL LIBRO
Número Internacional Estándar del Libro 0310332328
Información calificativa (set of 4 volumes)
035 ## - NÚMERO DE CONTROL DEL SISTEMA
Número de control de sistema PE-LiUPU44583
040 ## - FUENTE DE CATALOGACIÓN
Centro catalogador/agencia de origen PE-LiUPU
Lengua de catalogación eng
Centro/agencia transcriptor PE-LiUPU
Normas de descripción rda
041 0# - CÓDIGO DE IDIOMA
Código de lengua del texto/banda sonora o título independiente eng
Código de lengua original ger
082 04 - NÚMERO DE LA CLASIFICACIÓN DECIMAL DEWEY
Número de clasificación 225.3
Cutter N532
Número de edición 23
245 14 - MENCIÓN DEL TÍTULO
Título The new international dictionary of New Testament theology /
Mención de responsabilidad, etc. editor Colin Brown.
264 #1 - PRODUCCIÓN, PUBLICACIÓN, DISTRIBUCIÓN, FABRICACIÓN Y COPYRIGHT
Producción, publicación, distribución, fabricación y copyright Grand Rapids, Michigan :
Nombre del de productor, editor, distribuidor, fabricante Zondervan Publishing House,
Fecha de producción, publicación, distribución, fabricación o copyright 1986.
300 ## - DESCRIPCIÓN FÍSICA
Extensión 04 volúmenes :
Otras características físicas ilustraciones ;
Dimensiones 27 cm
336 ## - TIPO DE CONTENIDO
Término de tipo de contenido text
Fuente rdacontent
337 ## - TIPO DE MEDIO
Nombre/término del tipo de medio unmediated
Fuente rdamedia
338 ## - TIPO DE SOPORTE
Nombre/término del tipo de soporte volume
Fuente rdacarrier
500 ## - NOTA GENERAL
Nota general Incluye referencias bibliográficas e índice.
500 ## - NOTA GENERAL
Nota general Traducción del alemán con revisiones y adiciones.
504 ## - NOTA DE BIBLIOGRAFÍA, ETC.
Nota de bibliografía, etc. Incluye referencias bibliográficas e indices.
505 0# - NOTA DE CONTENIDO CON FORMATO
Nota de contenido con formato v.1. Introduction, methodology, and A–E -- v.2. F–P -- v.3. Q–Z, Indexes, and bibliography.
520 ## - RESUMEN, ETC.
Sumario, etc. Diccionario teológico que ofrece un análisis detallado de los términos griegos del Nuevo Testamento y sus implicaciones teológicas, con estudios temáticos y referencias cruzadas a fuentes bíblicas y patrísticas.
630 14 - PUNTO DE ACCESO ADICIONAL DE MATERIA--TÍTULO UNIFORME
Título uniforme Biblia.
Nombre de parte o sección de la obra Nuevo Testamento
Subdivisión de forma Diccionarios.
9 (RLIN) 5969
630 24 - PUNTO DE ACCESO ADICIONAL DE MATERIA--TÍTULO UNIFORME
Título uniforme Biblia.
Nombre de parte o sección de la obra Nuevo Testamento
Subdivisión general Exégesis
Subdivisión de forma Diccionarios.
9 (RLIN) 7241
630 24 - PUNTO DE ACCESO ADICIONAL DE MATERIA--TÍTULO UNIFORME
Título uniforme Griego del Nuevo Testamento
Subdivisión general Léxicos.
9 (RLIN) 7242
700 ## - ENTRADA AGREGADA--NOMBRE PERSONAL
Nombre de persona Brown, Colin,
Término indicativo de función/relación editor.
9 (RLIN) 6575
700 ## - ENTRADA AGREGADA--NOMBRE PERSONAL
Nombre de persona Coenen, Lothar,
Término indicativo de función/relación editor.
9 (RLIN) 6574
700 ## - ENTRADA AGREGADA--NOMBRE PERSONAL
Nombre de persona Beyreuther, Erich,
Término indicativo de función/relación editor.
9 (RLIN) 6580
700 ## - ENTRADA AGREGADA--NOMBRE PERSONAL
Nombre de persona Bietenhard, Hans,
Término indicativo de función/relación editor.
9 (RLIN) 6581
942 ## - ELEMENTOS DE ENTRADA SECUNDARIOS (KOHA)
Fuente del sistema de clasificación o colocación Clasificación Decimal Dewey
Tipo de ítem Koha Libros físicos
980 ## - EQUIVALENCIA O REFERENCIA-CRUZADA-MENCIÓN DE SERIE--NOMBRE DE PERSONA/TÍTULO [LOCAL, CANADÁ]
ID del último usuario que modificó el registro 18226
Nombre del último usuario que modificó el registro Jaime Vilcazán Jefe de Análisis Documental
Existencias
Visto por última vez Número de inventario Total de préstamos Signatura topográfica completa Código de barras Copia número Fecha de reemplazo Facultad Tipo de ítem Koha Estado de pérdida Fuente del sistema de clasificación o colocación Especificación de materiales (volumen encuadernado u otra parte) Restricciones de uso No para préstamo Colección Programa académico Biblioteca de origen Biblioteca actual Ubicación en estantería Fecha de adquisición Fuente de adquisición
2025-12-02 7   RC 225.3 N532 44581 e1 2015-06-24 Teología Libros de referencia No Perdido Clasificación Decimal Dewey v1 No restringido No disponible para préstamos Colección Referencia Teología Biblioteca CRAI UPeU Lima Biblioteca CRAI UPeU Lima Estante de Referencia 2015-06-24 COMPRA
2025-12-02 7   RC 225.3 N532 44093 e2 2015-06-24 Teología Libros de referencia No Perdido Clasificación Decimal Dewey v1 No restringido No disponible para préstamos Colección Referencia Teología Biblioteca CRAI UPeU Lima Biblioteca CRAI UPeU Lima Estante de Referencia 2015-06-24 COMPRA
2025-12-02 7   RC 225.3 N532 44582 e1 2015-06-24 Teología Libros de referencia No Perdido Clasificación Decimal Dewey v2 No restringido No disponible para préstamos Colección Referencia Teología Biblioteca CRAI UPeU Lima Biblioteca CRAI UPeU Lima Estante de Referencia 2015-06-24 COMPRA
2025-12-02 7   RC 225.3 N532 44094 e2 2015-06-24 Teología Libros de referencia No Perdido Clasificación Decimal Dewey v2 No restringido No disponible para préstamos Colección Referencia Teología Biblioteca CRAI UPeU Lima Biblioteca CRAI UPeU Lima Estante de Referencia 2015-06-24 COMPRA
2025-12-02 7   RC 225.3 N532 44583 e1 2015-06-24 Teología Libros de referencia No Perdido Clasificación Decimal Dewey v3 No restringido Disponible para préstamos Colección Referencia Teología Biblioteca CRAI UPeU Lima Biblioteca CRAI UPeU Lima Estante de Referencia 2015-06-24 COMPRA
2025-12-02 7   RC 225.3 N532 44095 e2 2015-06-24 Teología Libros de referencia No Perdido Clasificación Decimal Dewey v3 No restringido Disponible para préstamos Colección Referencia Teología Biblioteca CRAI UPeU Lima Biblioteca CRAI UPeU Lima Estante de Referencia 2015-06-24 COMPRA
2025-12-02 7   RC 225.3 N532 44584 e1 2015-06-24 Teología Libros de referencia No Perdido Clasificación Decimal Dewey v4 No restringido No disponible para préstamos Colección Referencia Teología Biblioteca CRAI UPeU Lima Biblioteca CRAI UPeU Lima Estante de Referencia 2015-06-24 COMPRA
2025-12-02 7   RC 225.3 N532 44096 e2 2015-06-24 Teología Libros de referencia No Perdido Clasificación Decimal Dewey v4 No restringido No disponible para préstamos Colección Referencia Teología Biblioteca CRAI UPeU Lima Biblioteca CRAI UPeU Lima Estante de Referencia 2015-06-24 COMPRA